Wird geladen...
Thulasi sabdsagar /
| 1. Verfasser: | |
|---|---|
| Format: | Printed Book |
| Sprache: | Hindi |
| Veröffentlicht: |
Hindustani Academy ,
|
| Schlagworte: |
| LEADER | 00497nam a2200157Ia 4500 | ||
|---|---|---|---|
| 008 | 150624b xxu||||| |||| 00| p hin d | ||
| 082 | |a 861.23103 | ||
| 100 | |a Tiwari, Bholanath | ||
| 245 | |c Bholanath Tiwari |a Thulasi sabdsagar / | ||
| 260 | |b Hindustani Academy , | ||
| 300 | |a 483 p. | ||
| 546 | |a In Hindi. | ||
| 650 | |v Poetry | ||
| 942 | |c REF | ||
| 999 | |c 88292 |d 88292 | ||
| 952 | |0 0 |1 0 |4 0 |6 861_231030000000000_TIW_T_R |7 0 |9 88236 |a UL |b UL |c REF |d 1998-09-15 |l 0 |o 861.23103 TIW/T R |p 12232 |r 2012-10-27 |w 2012-10-27 |y REF | ||